Cálculo de probabilidades y estadística matemática

Shranjeno v:
Bibliografske podrobnosti
Main Authors: Smirnov, N (Author), Dunin-Barkovski, I (Author)
Format: Knjiga
Jezik:španščina
Izdano: Madrid Paraninfo 1979
Teme:
Oznake: Označite
Brez oznak, prvi označite!

MARC

LEADER 00000nam a2200000 a 4500
001 UCV4695
003 CL-VaPUC
008 910722e19790000SP |||||||||||||||||spa|d
082 0 4 |a 519.2  |b SMI  |2 21 
100 0 |a Smirnov, N  |e author  |9 298886 
700 0 |a Dunin-Barkovski, I  |e author  |9 298887 
245 1 0 |a Cálculo de probabilidades y estadística matemática 
300 |a 578 p 
942 |c BK 
945 |d 19910722 00:00:00  |a mfernand 
260 |a Madrid  |b Paraninfo  |c 1979 
650 0 |a Probabilidades   |9 260199 
650 0 |a Estadística matemática  |9 260028 
583 |a last modification  |c 19910722 00:00:00  |k Rodrigo Vera 
999 |c 211399  |d 211397 
952 |0 0  |1 0  |4 0  |6 519_200000000000000_SMI_1979  |7 0  |8 A  |9 190582  |a BIBCUR  |b BIBCUR  |d 2019-11-14  |i 298363K  |o 519.2 SMI 1979  |p 298363K  |r 2025-04-22  |w 2019-11-14  |y BK  |k BCB 
952 |0 0  |1 0  |4 0  |6 519_200000000000000_SMI_1979  |7 0  |8 A  |9 190583  |a BIBGIM  |b BIBGIM  |d 2019-11-14  |i 1308661  |o 519.2 SMI 1979  |p 1308661  |r 2025-01-15  |w 2019-11-14  |y BK  |k EST